000 00574nam a2200157 a 4500
008 120416s1975 ||||||||||||||||| || u
050 _aGV 191.6 Sim
100 _aSimmons, Ian Gordon
245 1 0 _aRural recreation in the industrial worlds
260 _aLondon
_bEdward Arnold
_c[1975]
300 _aviii, 310p. : ill.
350 _a0.00
650 _aRECREATION
650 _aLEISURE AND RECREATION MANAGEMENT
995 _D0.00
_FCBU-MAIN LIBRARY (Kitwe)
_H1
_I14.95
_M1
_UAVAILABLE
_ZMain Library Open Access Collection
999 _c56838
_d56838